Guess the Taylor Swift Song (no hints) 207 - Statistics

General Stats
  • This quiz has been taken 49 times
  • The average score is 281 of 456
Answer Stats
Answer % Correct
I
100%
a
97%
the
97%
The
97%
And
95%
and
95%
be
95%
it
95%
you
95%
You
95%
in
92%
me
92%
me)
92%
your
92%
Your
92%
all
90%
All
90%
I'll
90%
on
90%
is,
87%
is
87%
"No"
87%
that
87%
This
87%
this
87%
to
87%
when
87%
when,
87%
you're
87%
say
85%
we
85%
What
85%
what
85%
at
82%
hear
82%
one
82%
They
82%
they
82%
it's
79%
It's
79%
There
79%
there
79%
don't
74%
like
74%
of
74%
ever
72%
Just
72%
just
72%
never
72%
'Cause
69%
oh
69%
was,
69%
time
67%
you'll
67%
are
64%
could
64%
know
64%
knew
62%
(knew
62%
now
62%
now,
62%
Now
62%
would
62%
Only
59%
only
59%
Look
56%
look
56%
saw
56%
come
54%
coming,
54%
loved
54%
than
54%
will
54%
once,
51%
us
51%
yeah
51%
forever
49%
(forever)
49%
them
49%
got,
46%
got
46%
last
46%
eyes
44%
life
44%
stand,
44%
stand
44%
thought
44%
you've
44%
along
41%
along)
41%
came
41%
fiction
41%
fiction)
41%
made
41%
sweeter
41%
(sweeter
41%
sweeter,
41%
Sweeter
41%
won't
41%
something,
38%
again
36%
Hit
36%
hit
36%
light
36%
make
36%
distance
33%
tall
33%
tall)
33%
feet
31%
next
31%
(next
31%
remember
31%
right,
31%
right
31%
running
31%
saying
31%
ten
31%
(ten
31%
wider
31%
call
28%
ground,
28%
ground
28%
name
28%
sound,
28%
sound
28%
started
28%
Seen
26%
seen
26%
wrong
26%
better,
23%
heard
23%
lost
23%
many
23%
onto
23%
colors
21%
dark,
21%
fall,
21%
history
21%
proud,
21%
proud
21%
put
21%
rain
21%
rest
21%
sight,
21%
sight
21%
Wish
21%
crawl
18%
knees,
18%
pain
18%
perfect
18%
slipped
18%
eh
15%
fade
15%
hopes
15%
Proved
15%
proved
15%
shot,
15%
shot
15%
undone
15%
weather,
15%
crowd,
13%
frame
13%
picture
13%
shattered
13%
someday
10%
No matching quizzes found
Score Distribution
Percent of People with Each Score
Percentile by Number Answered
Your Score History
You have not taken this quiz